Sports Quiz

Random Sports or Border Quiz
Score 0/20 Timer 05:00
1 Play Today
State Sets % Correct
South Dakota and North Dakota
87.8%
Idaho and Montana
86.1%
New Hampshire and Maine
84%
New Hampshire and Vermont
83.2%
Montana and North Dakota
79%
Mississippi and Alabama
74.8%
Montana and Wyoming
74.5%
Idaho and Wyoming
69.8%
Connecticut and Rhode Island
67.6%
Montana and South Dakota
65.7%
State Sets % Correct
Nebraska and Iowa
64.6%
Kentucky and West Virginia
59%
Nebraska and Kansas
58.6%
Mississippi and Arkansas
57.5%
Nebraska and South Dakota
57.3%
West Virginia and Virginia
56.5%
South Dakota and Iowa
53.3%
Wyoming and Nebraska
47.8%
Wyoming and South Dakota
46%
Kentucky and Virginia
32.5%
Come Together.
Have Fun.
All Virtual.
We all need to come together. Play Sporcle's virtual live trivia to have fun, connect with people, and get your trivia on. Join a live hosted trivia game for your favorite pub trivia experience done virtually. If a virtual private party is more your thing, go here for details.

You're not logged in!

Compare scores with friends on all Sporcle quizzes.
OR
Log In

Sporcle TV

Today on Sporcle TV


Watch our educational content, quiz creation guides, and fun videos on Sporcle TV.

Show Comments

Extras

Top Quizzes Today


Score Distribution

Paid Content

Your Account Isn't Verified!

In order to create a playlist on Sporcle, you need to verify the email address you used during registration. Go to your Sporcle Settings to finish the process.

Report this User

Report this user for behavior that violates our Community Guidelines.

Details: